000
00294 a2200133 4500
001
62059
020
_a
040
_c
Anchieta - Pituba
240
1
0
_a
Der grosse
_l
deu / ger
245
1
0
_a
Der grosse
300
_a
16
650
4
_a
Línguas germânicas (teutônicas) língua alemã
942
_c
BK
999
_c
62059
_d
62059